<?xml version="1.0" encoding="UTF-8"?>
<record
    xmlns:xsi="http://www.w3.org/2001/XMLSchema-instance"
    xsi:schemaLocation="http://www.loc.gov/MARC21/slim http://www.loc.gov/standards/marcxml/schema/MARC21slim.xsd"
    xmlns="http://www.loc.gov/MARC21/slim">

  <leader>00997nam a2200217Ia 4500</leader>
  <controlfield tag="003">OSt</controlfield>
  <controlfield tag="005">20240613140256.0</controlfield>
  <controlfield tag="008">210210b2015   xxu||||| |||| 00| 0 eng d</controlfield>
  <datafield tag="020" ind1=" " ind2=" ">
    <subfield code="a">9788190651356</subfield>
  </datafield>
  <datafield tag="040" ind1=" " ind2=" ">
    <subfield code="c">AL</subfield>
  </datafield>
  <datafield tag="041" ind1=" " ind2=" ">
    <subfield code="a">Kannada</subfield>
  </datafield>
  <datafield tag="082" ind1=" " ind2=" ">
    <subfield code="a">K894.8 KANB</subfield>
  </datafield>
  <datafield tag="100" ind1=" " ind2=" ">
    <subfield code="a">KANNADA MATTU SAMSKRATI ILAKHE</subfield>
    <subfield code="d">&#xC95;&#xCA8;&#xCCD;&#xCA8;&#xCA1; &#xCAE;&#xCA4;&#xCCD;&#xCA4;&#xCC1; &#xCB8;&#xC82;&#xCB8;&#xCCD;&#xC95;&#xCC3;&#xCA4;&#xCBF; &#xC87;&#xCB2;&#xCBE;&#xC96;&#xCC6;</subfield>
    <subfield code="9">170580</subfield>
  </datafield>
  <datafield tag="245" ind1=" " ind2=" ">
    <subfield code="a">Baba saheb ambedkar avara samagra barehagalu mattu bhashanagalu samputa 20</subfield>
    <subfield code="b">Svarajya; buddha; Bauddha dharma;hindu dharma</subfield>
    <subfield code="c">&#xCAC;&#xCBE;&#xCAC;&#xCBE; &#xCB8;&#xCBE;&#xCB9;&#xCC7;&#xCAC;&#xCCD; &#xC85;&#xC82;&#xCAC;&#xCC7;&#xCA1;&#xCCD;&#xC95;&#xCB0;&#xCCD; &#xC85;&#xCB5;&#xCB0; &#xCB8;&#xCAE;&#xC97;&#xCCD;&#xCB0;  &#xCAC;&#xCB0;&#xCC6;&#xCB9;&#xC97;&#xCB3;&#xCC1; &#xCAE;&#xCA4;&#xCCD;&#xCA4;&#xCC1; &#xCAD;&#xCBE;&#xCB7;&#xCA3;&#xC97;&#xCB3;&#xCC1;: &#xCB8;&#xC82;&#xCAA;&#xCC1;&#xC9F; 20 &#xCB8;&#xCCD;&#xCB5;&#xCB0;&#xCBE;&#xC9C;&#xCCD;&#xCAF;, &#xCAC;&#xCC1;&#xCA6;&#xCCD;&#xCA7;: &#xCAC;&#xCCC;&#xCA6;&#xCCD;&#xCA7; &#xCA7;&#xCB0;&#xCCD;&#xCAE;,&#xCB9;&#xCBF;&#xC82;&#xCA6;&#xCC2; &#xCA7;&#xCB0;&#xCCD;&#xCAE;</subfield>
  </datafield>
  <datafield tag="260" ind1=" " ind2=" ">
    <subfield code="a">Bengaluru</subfield>
    <subfield code="b">Kannada mattu Samskrati Ilakhe</subfield>
    <subfield code="c">2015</subfield>
  </datafield>
  <datafield tag="300" ind1=" " ind2=" ">
    <subfield code="a">xix,879</subfield>
  </datafield>
  <datafield tag="440" ind1=" " ind2=" ">
    <subfield code="a">20</subfield>
    <subfield code="9">170581</subfield>
  </datafield>
  <datafield tag="690" ind1=" " ind2=" ">
    <subfield code="a">Kannada Collections</subfield>
    <subfield code="9">170582</subfield>
  </datafield>
  <datafield tag="906" ind1=" " ind2=" ">
    <subfield code="a">071008</subfield>
  </datafield>
  <datafield tag="942" ind1=" " ind2=" ">
    <subfield code="2">ddc</subfield>
    <subfield code="c">BK</subfield>
  </datafield>
  <datafield tag="999" ind1=" " ind2=" ">
    <subfield code="c">120424</subfield>
    <subfield code="d">120424</subfield>
  </datafield>
  <datafield tag="952" ind1=" " ind2=" ">
    <subfield code="0">0</subfield>
    <subfield code="1">0</subfield>
    <subfield code="4">0</subfield>
    <subfield code="7">3</subfield>
    <subfield code="8">Kannada</subfield>
    <subfield code="a">AL</subfield>
    <subfield code="b">AL</subfield>
    <subfield code="c">RS</subfield>
    <subfield code="d">2021-02-17</subfield>
    <subfield code="e">Navakarnataka Publication Pvt Ltd Mangalore</subfield>
    <subfield code="g">50.00</subfield>
    <subfield code="l">0</subfield>
    <subfield code="o">K894.8 KANB</subfield>
    <subfield code="p">071008</subfield>
    <subfield code="r">2021-02-17 00:00:00</subfield>
    <subfield code="w">2021-02-17</subfield>
    <subfield code="y">BK</subfield>
  </datafield>
</record>
